| 000 | 00871nam a22002415a 4500 | ||
|---|---|---|---|
| 008 | 171123t2004 xxua|||gr|||| 001 0 eng d | ||
| 020 | _a9780071232302 | ||
| 040 |
_aEG-ScBUE _beng _cEG-ScBUE |
||
| 082 | 0 | 4 |
_222 _a658.514 _bBUR |
| 100 | 1 | _aBurgelman, Robert A. | |
| 245 | 1 |
_aStrategic management of technology and innovation / _cRobert Burgelman, Clayton Christensen, Steven Wheelwright. |
|
| 250 | _a4th. ed., International Edition. | ||
| 260 |
_aMaidenhead : _bMcGraw-Hill Education, _c2004. |
||
| 300 |
_axvi, 1208 p. : _bill. ; _c26 cm. |
||
| 590 | _aSuzan Ashmwy | ||
| 650 | 7 |
_2BUEsh _aTechnological innovations _xManagement. _933837 |
|
| 650 | 7 |
_2BUEsh _aNew products _xManagement. |
|
| 650 | 7 |
_2BUEsh _aHigh technology industries _xManagement. _933836 |
|
| 651 | _2BUEsh | ||
| 700 | 1 | _aChristensen, Clayton M. | |
| 700 | 1 | _aWheelwright, Steven C., | |
| 942 | _2ddc | ||
| 999 |
_c25652 _d25624 |
||